All the flying type pokemon Quiz Stats

 Plays Quiz not verified by Sporcle

Score 0/90 Timer 20:00
0 Plays Today
Hint Answer % Correct
Flying-Normalpidgey
91.7%
pidgeotto
91.7%
pidgeot
91.7%
spearow
91.7%
fearow
91.7%
Flying-Firecharizard
87.5%
moltres
87.5%
ho-oh
87.5%
Flying-Bugbutterfree
87.5%
farfetch'd
87.5%
hoothoot
87.5%
noctowl
87.5%
Flying-Poisonzubat
87.5%
golbat
87.5%
crobat
87.5%
Flying-Icearticuno
87.5%
Flying-Electriczapdos
87.5%
Flying-Steelskarmory
87.5%
Flying-Fightinghawlucha
87.5%
Flyingtornadus
83.3%
fletchinder
83.3%
talonflame
83.3%
doduo
83.3%
dodrio
83.3%
pidove
83.3%
unfezant
83.3%
swanna
83.3%
Flying-Dragondragonite
83.3%
woobat
83.3%
swoobat
83.3%
Hint Answer % Correct
Flying-Darkmurkrow
83.3%
honchkrow
83.3%
beautifly
79.2%
taillow
79.2%
swellow
79.2%
starly
79.2%
staravia
79.2%
staraptor
79.2%
tranquill
79.2%
rufflet
79.2%
braviary
79.2%
fletchling
79.2%
Flying-Watergyarados
79.2%
ducklett
79.2%
emolga
79.2%
lugia
79.2%
sigilyph
79.2%
gliscor
79.2%
Flying-Ghostdrifloon
79.2%
drifblim
79.2%
scyther
75%
ledian
75%
masquerain
75%
mothim
75%
wingull
75%
Flying-Rockaerodactyl
75%
archen
75%
archeops
75%
thundurus
75%
altaria
75%
Hint Answer % Correct
salamence
75%
Flying-Fairytogetic
75%
togekiss
75%
vullaby
75%
Flying-Groundgligar
75%
landorus
75%
ledyba
70.8%
combee
70.8%
swablu
70.8%
chatot
70.8%
pelipper
70.8%
rayquaza
70.8%
Flying-Psychicnatu
70.8%
xatu
70.8%
tropius
70.8%
mandibuzz
70.8%
vespiquen
66.7%
vivillon
66.7%
delibird
66.7%
noibat
66.7%
noivern
66.7%
Flying-Grasshoppip
66.7%
skiploom
66.7%
jumpluff
66.7%
yanma
62.5%
yanmega
62.5%
mantine
62.5%
mantyke
62.5%
ninjask
58.3%
yveltal
54.2%

You're not logged in!

Compare scores with friends on all Sporcle quizzes.
OR
Log In

Sporcle TV

Today on Sporcle TV


Watch our educational content, quiz creation guides, and fun videos on Sporcle TV.

Show Comments

Extras

Created Jul 23, 2016ReportNominate
Tags:Pokémon Quiz, Flying

Top Quizzes Today


Score Distribution

Your Account Isn't Verified!

In order to create a playlist on Sporcle, you need to verify the email address you used during registration. Go to your Sporcle Settings to finish the process.

Report this User

Report this user for behavior that violates our Community Guidelines.

Details: